000 00341nam a2200145Ia 4500
008 230917s9999||||xx |||||||||||||| ||und||
040 _e38420
_aMAIN
041 _aEnglish
082 _a954.03 A48S
100 _aAhluwalia, B K
245 0 _aSardar Patel: Rebel and ruler
260 _aNew Delhi
_c1981
300 _a191 p.
942 _cBK
999 _c223648
_d223648